000 00765cam a22002411 4500
001 sa 64002689
003 DLC
005 20260227112011.0
008 751229s1964 vp 000 0 eng
010 _asa 64002689
035 _a(OCoLC)1904459
040 _aDLC
_cFMU
_dOCoLC
_dDLC
050 0 0 _aHQ1742
_b.T48
082 _a396.0954
100 1 _aThomas, Paul,
_d1910-
245 1 0 _aIndian women through the ages
_bhistorical survey of the position of women and the institutions of marriage and family in India from trmote antiquity to the present day.
260 _aBombay,
_aNew York
_bAsia Pub. House
_c1964.
300 _a392 p.
_c23 cm.
650 0 _aWomen
_zIndia
650 0 _aWomen
_xHistory.
650 0 _aFamilies
_zIndia
650 0 _aMarriage
_zIndia
999 _c57463
_d57463